Decir casi lo mismo / (Record no. 108458)

MARC details
000 -LEADER
fixed length control field 00702nam a22002177a 4500
005 - DATE AND TIME OF LATEST TRANSACTION
control field 20151112135044.0
008 - FIXED-LENGTH DATA ELEMENTS--GENERAL INFORMATION
fixed length control field 141124t mx||||| |||| 00| 0 spa d
020 ## - INTERNATIONAL STANDARD BOOK NUMBER
International Standard Book Number 9789708103374
050 04 - LIBRARY OF CONGRESS CALL NUMBER
Classification number PN241
Item number E26 2008
100 1# - MAIN ENTRY--PERSONAL NAME
Personal name Eco, Umberto
245 10 - TITLE STATEMENT
Title Decir casi lo mismo /
Statement of responsibility, etc Umberto Eco ; tr. Helena Lozano Miralles
250 ## - EDITION STATEMENT
Remainder of edition statement 1a ed.
260 ## - PUBLICATION, DISTRIBUTION, ETC. (IMPRINT)
Place of publication, distribution, etc México :
Name of publisher, distributor, etc Lumen,
Date of publication, distribution, etc 2008
300 ## - PHYSICAL DESCRIPTION
Extent 537 p. ;
Dimensions 21 cm.
490 #0 - SERIES STATEMENT
Series statement Biblioteca Umberto Eco
500 ## - GENERAL NOTE
General note Traducción de: Dire quasi la stessa cosa
504 ## - BIBLIOGRAPHY, ETC. NOTE
Bibliography, etc Incluye referencias bibliograficas (p.[502]-518) e índice
650 ## - SUBJECT ADDED ENTRY--TOPICAL TERM
Topical term or geographic name as entry element Traducción e interpretación
700 1# - ADDED ENTRY--PERSONAL NAME
Personal name Lozano Miralles, Helena,
Fuller form of name tr.
942 ## - ADDED ENTRY ELEMENTS (KOHA)
Source of classification or shelving scheme Biblioteca del Cogreso de los Estados Unidos
Koha item type Libro
Holdings
Estado de pérdida Fuente de clasificación Estado del daño No para préstamo Ubicación permanente Ubicación actual Apartado o colección Fecha de adquisición Edición Área del conocimiento Clasificación Código de Barras Date last seen Número de copia Tipo de recurso
  Biblioteca del Cogreso de los Estados Unidos     Biblioteca de la Facultad de Filosofía Biblioteca de la Facultad de Filosofía General 12/11/2015 1a ed. Educación y Humanidades PN241 E26 2008 BFF000013793 12/11/2015 1 Libro
  Biblioteca del Cogreso de los Estados Unidos     Biblioteca de la Facultad de Filosofía Biblioteca de la Facultad de Filosofía General 12/11/2015 1a ed. Educación y Humanidades PN241 E26 2008 BFF000013794 12/11/2015 2 Libro